Agriculture: a bibliography. (Record no. 31260)

MARC details
000 -LEADER
fixed length control field 00380nam a2200133Ia 4500
082 ## - DEWEY DECIMAL CLASSIFICATION NUMBER
Classification number 631:016
Item number SAT
245 #0 - TITLE STATEMENT
Title Agriculture: a bibliography.
260 ## - PUBLICATION, DISTRIBUTION, ETC. (IMPRINT)
Place of publication New Delhi
Name of publisher Indian documentation service
Year of publication 1977
490 ## - SERIES STATEMENT
Series statement Subject bibliography series; 3
650 ## - SUBJECT ADDED ENTRY--TOPICAL TERM
Topical Term Agriculture bibliography
700 ## - ADDED ENTRY--PERSONAL NAME
Personal name SATYAPRAKASH
942 ## - ADDED ENTRY ELEMENTS (KOHA)
Koha item type Books
Holdings
Withdrawn status Lost status Damaged status Not for loan Home library Current library Date acquired Full call number Accession Number Koha item type
        RRII Library RRII Library 16/12/2021 631:016 SAT 11809 Books